| 000 | 00000nam##2200000za#4500 |
| 001 | 9.697584 |
| 003 | CaOODSP |
| 005 | 20210624235539 |
| 007 | cr ||||||||||| |
| 008 | 150407|2003||||xxc|||||o f|0| 0 eng|d |
| 020 | |a0-662-36975-0 |
| 040 | |aCaOODSP|beng |
| 043 | |an-cn--- |
| 086 | 1 |aHS3-4/622-04-04E-PDF |
| 110 | 1 |aCanada.|bHuman Resources and Skills Development Canada. |bStrategic Policy and Planning. |
| 245 | 10|aAudit of entitlement to Employment Insurance Benefits |h[electronic resource] |
| 260 | |aGatineau - Quebec : |bHuman Resources and Skills Development Canada. |c[2004]. |
| 300 | |a39p.|bgraphs, tables |
| 590 | |a13-09-Supp|b2013-04-04 |
| 690 | 07|aAccess to education|2gcpds |
| 690 | 07|aPostsecondary education|2gcpds |
| 690 | 07|aYouth|2gcpds |
| 775 | 08|tVérification de l'admissibilité aux prestations d'assurance-emploi |w(CaOODSP)9.641624 |
| 856 | 40|ahttp://publications.gc.ca|qPDF|s1048 KB|uhttps://publications.gc.ca/collections/collection_2013/rhdcc-hrsdc/HS3-4-622-04-04-eng.pdf |
| 986 | |aSP-622-04-04E |